| 000 | 00552nam a2200169 a 4500 | ||
|---|---|---|---|
| 001 | BRCA_1517 | ||
| 005 | 20190320203447.0 | ||
| 008 | 910514s1989 mx-a---###---#001-0#spa-# | ||
| 050 | 4 |
_aN6555 _b.F57 1989 |
|
| 100 | 1 |
_aFlores-Antúnez, Ignacio _94497 |
|
| 245 | 1 | 0 |
_aArte y artistas _bveinte años de periodismo y crítica _cFlores-Antúnez Ignacio. |
| 260 |
_aMéxico _b[Robles impresiones] _c1989 |
||
| 300 |
_a385 p. _bil. (algunas a color) _c24 cm. |
||
| 500 | _aIncluye índice de nombres | ||
| 650 | 1 | 4 |
_aArte mexicano _ySiglo XX _94500 |
| 942 |
_2lcc _cB |
||
| 999 |
_c1371 _d1371 |
||